Assassination of Rajiv Gandhi An Inside Job?/ (Record no. 190506)

MARC details
000 -LEADER
fixed length control field 00589nam a22001817a 4500
005 - DATE AND TIME OF LATEST TRANSACTION
control field 20220727104325.0
010 ## - LCCN (DPL NO)
LC control number ENG-134010
020 ## - INTERNATIONAL STANDARD BOOK NUMBER
International Standard Book Number 9789382711476
Terms of availability 495.00
035 ## - SYSTEM CONTROL NUMBER
System control number EN-117542
037 ## - SOURCE OF ACQUISITION
Source of stock number/acquisition DBAD/PUB
082 ## - DEWEY DECIMAL CLASSIFICATION NUMBER
Classification number 364.1520954
100 ## - MAIN ENTRY--PERSONAL NAME
Personal name Ahmad, Faraz
245 ## - TITLE STATEMENT
Title Assassination of Rajiv Gandhi An Inside Job?/
Statement of responsibility, etc Faraz Ahmad
260 ## - PUBLICATION, DISTRIBUTION, ETC. (IMPRINT)
Place of publication, distribution, etc New Delhi
Name of publisher, distributor, etc Vitasta Publishing Pvt Ltd
Date of publication, distribution, etc 2015
270 ## - ADDRESS
Address 2/15, Ansari Road, Daryaganj
Electronic mail address info@vitastapublishing.com
City New Delhi
Postal code 110002
300 ## - PHYSICAL DESCRIPTION
Extent 312p.
Other physical details Index
Dimensions 22cm(hb)
942 ## - ADDED ENTRY ELEMENTS (KOHA)
Source of classification or shelving scheme Dewey Decimal Classification
Item type English Books
Classification part 364.1520954
Call number suffix AHM
Holdings
Withdrawn status Lost status Not for loan Collection code Home library Current library Date acquired Source of acquisition Cost, normal purchase price Full call number Barcode Copy number Cost, replacement price Koha item type
      Non-fiction Bawana Bawana 27/07/2022 DBAD/PUB 495.00 364.1520954 AHM EN-117542 1 495.00 English Books

© Delhi Public Library
Hit Counter
free hit counter